000 00606nam a2200217 a 4500
001 BRCA_6226
005 20190320205358.0
008 190711s1901----gw-#######---#000-0#eng-#
041 _ager
044 _agw
050 4 _aPE1128
_b.B47 1901
100 1 _aBerlitz, Maximilian Delphinus
_d1852-1921.
_915643
245 1 0 _aThe Berlitz method for teaching modern languages
_bEnglish part
_cM. D. Berlitz.
250 _a22
260 _aBerlín
_bBerlitz
_c1901
300 _a98 p.
_c20 cm.
500 _aK88
650 1 4 _aInglés
_eLibros de texto para extranjeros
_915644
902 _aGFM
942 _2lcc
_cB
999 _c5913
_d5913